000 01364nam a2200373 c 4500
001 52802
003 ES-MaCES
005 20250203133330.0
007 cr |||||||||||
008 230630s2023 it rt 000 | eng d
020 _a9789280654424
040 _aES-MaCES
_bspa
_cES-MaCES
245 0 4 _aThe state of the world’s children 2023
_hRecurso electrónico
_b: for every child, vaccination
260 _aFlorence
_bUNICEF Innocenti – Global Office of Research and Foresight
_c2023
300 _a1 documento pdf
_c(8,85 mb)
541 _cGratuito
650 4 _ainfancia
_928518
650 4 _aniños
_928517
650 4 _avacunación
_928696
650 4 _apolítica social
_927029
650 4 _apolítica sanitaria
_929366
650 4 _aatención primaria de salud
_930000
650 4 _aCovid-19
_939751
650 4 _aevaluación del impacto
_930732
650 4 _aestudio de casos
_928846
650 4 _a2023
_940696
650 4 _928986
_ainforme
653 1 0 _aAsuntos Sociales
710 2 _aUNICEF. Centro de Investigaciones Innocenti
_eed.
_95072
787 0 _tEstado mundial de la infancia 2021 : en mi mente: promover, proteger y cuidar la salud mental de la infancia
_w(ES-MaCES)52801
856 4 _uhttp://biblioteca.ces.es/repintra/B52802.pdf
_ytexto completo
_z[intranet]
902 _aELE PUB. ELECTRONICA
942 _2CES
_cBK
_h3.3.
999 _c52802
_d52802